Responses for show #4215 - Friday, December 20, 2002

Contestants

Laura Sturaitis, a marketing executive from Fort Lauderdale, Florida

Marlon Shows, a technology consultant from Detroit, Michigan

Patrick Morris, a caterer at fairs from Alameda, California (whose 1-day cash winnings total $10,400)

Jeopardy! Round responses

COLLEGES & UNIVERSITIES
FAMILY FILMS
ENDS IN "ENCH"
WOMEN!
CAN'T LIVE WITH 'EM
...OR WITHOUT 'EM
    $200 6
Abraham Lincoln

Patrick
    $200 12
Father of the Bride

Patrick
    $200 13
bench (of the Supreme Court)

Marlon
    $200 22
Anne Sullivan

Laura
    $200 7
termites

Patrick
    $200 1
insulin

Triple Stumper
    $400 14
Harvard

Marlon
    $400 16
Mommie Dearest

Laura
    $400 18
clench

Marlon
    $400 23
Morrow

Laura
    $400 8
terrible twos

Patrick
    $400 2
B complex

Patrick
    $600 15
Princeton

Laura
    $600 17
Coal Miner's Daughter

Patrick
    $600 27
Dame Judi Dench

Laura
    $600 24
(Laura: Who is Dusty Springfield?)
...
(Alex: About a minute left, Laura.)

Marianne Faithfull

Laura
Triple Stumper
    $600 9
(Laura: Who is Midas?)

Bluebeard

Laura
Triple Stumper
    $600 3
zinc

Marlon
    $800 19
University of Virginia

Laura
    $800 20
Uncle Buck

Laura
    $800 28
stench

Marlon
    $800 25
(Marlon: What is Laura Bush?)
(Laura: Who is...I can't remember!)

Lynne Cheney

MarlonLaura
Triple Stumper
    $800 10
"Mother-in-Law"

Triple Stumper
    $800 4
beta-carotene

Marlon
    $1000 29
[buzzer sounds to end the round]

Stanford

Patrick
    $1000 21
(Patrick: What is "Brother, Where Art Thou?")

O Brother, Where Art Thou?

PatrickLaura
    $1000 26
(Laura: Who is the Duchess of Windsor?)

Countess Mara

Laura
Triple Stumper
    $1000 11
megalomaniacs

Laura
    $1,000 5
proteins

Marlon

Scores at the first commercial break (after clue 13):

Patrick Marlon Laura
$1,400 $2,600 $400

Scores at the end of the Jeopardy! Round:

Patrick Marlon Laura
$2,000 $3,400 $2,800

Double Jeopardy! Round responses

20th CENTURY BOOKS
THE BICYCLE
HISTORY ART
RODGERS & HAMMERSTEIN
(Alex: 2002 marked Richard Rodgers' centennial.)
THAT'S OUR ISLAND!
(Alex: We want you to name the country to which each island belongs.)
(Alex: And finally, one of our favorite categories...)
BEFORE & AFTER
    $400 3
"Portnoy's Complaint"

Laura
    $400 11
saddle

Laura
    $400 8
(Patrick: What is England?)

Canada

Patrick
Triple Stumper
    $400 9
(Alex: The hills are alive!)

The Sound of Music

Patrick
    $400 1
(Marlon: What is Iceland?)

Denmark

PatrickMarlon
    $400 26
[buzzer sounds to end the round]

Tom Cruise missile

Patrick
    $800 4
"The Sound and the Fury"

Laura
    $800 21
skirts

Patrick
    $800 16
(Patrick: Who is Nebuchadnezzar?)
(Laura: Who is Hannibal?)

Alexander the Great

PatrickLaura
Triple Stumper
    $800 12
South Pacific

Laura
    $800 2
Indonesia

Laura
    $1200 5
(Laura: Who is Simone Beauvoir?)
...
(Alex: You forgot the "de"; I have a lot of "de"s in my life, I can understand!)

Simone de Beauvoir

Laura
Triple Stumper
    $1200 22
coasting

Patrick
    $1200 17
John Brown

Patrick
    $1200 13
"Oh, What a Beautiful Morning"

Laura
    $1200 10
Spain

Marlon
    $1600 6
Gabriel Garcia Marquez

Laura
    $1600 23
spokes

Patrick
    $1600 19
(Patrick: Who are Armenians?)
...
(Alex: We have a minute left.)

Greeks

Patrick
Triple Stumper
    $2,500 14
(Alex: I'm glad you made the connection between "Cannery Row" & John Steinbeck.)

John Steinbeck

Laura
    $1600 18
(Laura: What is Denmark?)
...
[NOTE: Alex erroneously gives control of the board back to Laura, instead of Patrick.]

The Netherlands (Holland)

Laura
Triple Stumper
    $2000 7
D.H. Lawrence

Triple Stumper
    $2000 24
(Marlon: What is your riding angle?)
(Patrick: What is revolutions on the pedals?)
...
(Alex: Less than a minute to go now, Patrick.)

RPMs (revolutions per minute)

PatrickMarlon
    $1,000 25
(Patrick: What is the Plymouth Compact?)

the Mayflower Compact

Patrick
    $2000 15
State Fair

Triple Stumper
    $2000 20
Scotland

Patrick

Scores at the end of the Double Jeopardy! Round:

Patrick Marlon Laura
$8,200 $2,200 $7,700

[wagering suggestions for these scores]

Final Jeopardy! Round responses

GREEK GODS
(Alex: Corinth was surrounded by water; the god of the seas.)
MarlonWho is Hermes
$2,198
LauraWho was Zues?
$5,000
PatrickWho is Apollo
$7,201
Poseidon

Final scores:

Patrick Marlon Laura
$999 $2 $2,700
2nd place: $2,000 3rd place: $1,000 New champion: $2,700

Game dynamics:

Coryat scores:

Patrick Marlon Laura
$9,200 $2,200 $6,800
16 R,
5 W
(including 1 DD)
8 R
(including 1 DD),
3 W
17 R
(including 1 DD),
7 W

Combined Coryat: $18,200

The J! Archive is created by fans, for fans. The Jeopardy! game show and all elements thereof, including but not limited to copyright and trademark thereto, are the property of Jeopardy Productions, Inc. and are protected under law. This website is not affiliated with, sponsored by, or operated by Jeopardy Productions, Inc. Join the discussion at JBoard.tv.